[Event "2018_CEG Ricle B"]
[Site "Riscle"]
[Date "2018.08.06"]
[Round "7.1"]
[White "Saliou, Jean-Yves"]
[Black "Barbier, Astrid"]
[Result "1/2-1/2"]
[WhiteElo "1858"]
[BlackElo "1842"]
[PlyCount "40"]
[EventDate "2018.??.??"]
[WhiteTeam "Le Cavalier Fou Melun"]

1. Nf3 c5 2. b3 Nc6 3. Bb2 Nf6 4. e3 b6 5. d4 e6 6. Bd3 Be7 7. O-O Nb4 8. Be2
O-O 9. a3 Nc6 10. Ne5 Bb7 11. c4 d5 12. Bf3 Rc8 13. dxc5 Bxc5 14. Nd2 Bd6 15.
Nxc6 Bxc6 16. Bxf6 Qxf6 17. cxd5 exd5 18. b4 Be5 19. Ra2 Bb5 20. Be2 Bc4
1/2-1/2

[Event "2018_CEG Ricle B"]
[Site "Riscle"]
[Date "2018.08.06"]
[Round "7.2"]
[White "Gey, Marc-Emile"]
[Black "Constantin, Francois"]
[Result "1-0"]
[WhiteElo "1894"]
[BlackElo "1862"]
[PlyCount "75"]
[EventDate "2018.??.??"]
[WhiteTeam "LEC Echiquier Limousin"]
[BlackTeam "Echiquier Vésulien"]

1. Nf3 f5 2. d3 Nc6 3. e4 d6 4. exf5 Bxf5 5. d4 e5 6. dxe5 dxe5 7. Qxd8+ Rxd8
8. Bb5 Bd6 9. O-O Nge7 10. Nc3 O-O 11. Bc4+ Kh8 12. Ng5 h6 13. Nf7+ Kh7 14.
Nxd8 Rxd8 15. Bb3 Nd4 16. Be3 Nxc2 17. Bxc2 Bxc2 18. Rfc1 Bd3 19. Na4 b6 20.
Nc3 Nf5 21. Nd1 Nd4 22. Bxd4 exd4 23. f3 c5 24. Nf2 Bf4 25. Nxd3 Bxc1 26. Rxc1
Rc8 27. b3 a5 28. a4 Re8 29. Re1 Rxe1+ 30. Nxe1 Kg6 31. Kf2 Kf5 32. Ke2 Ke5 33.
Kd3 Kd5 34. f4 b5 35. axb5 a4 36. bxa4 c4+ 37. Kd2 c3+ 38. Kd3 1-0

[Event "2018_CEG Ricle B"]
[Site "Riscle"]
[Date "2018.08.06"]
[Round "7.3"]
[White "Mesples, Jean-Marc"]
[Black "Goulesque, Camille"]
[Result "0-1"]
[WhiteElo "1846"]
[BlackElo "1923"]
[PlyCount "60"]
[EventDate "2018.??.??"]
[WhiteTeam "Echiquier de l'Armagnac"]
[BlackTeam "Echiquier Bordelais"]

1. d4 d5 2. c4 c6 3. cxd5 cxd5 4. Nc3 Nf6 5. Bf4 a6 6. e3 Nc6 7. Bd3 Bg4 8. f3
Bh5 9. Nge2 e6 10. Rc1 Bg6 11. O-O Nh5 12. a3 Nxf4 13. Nxf4 Bd6 14. Nxg6 hxg6
15. f4 Qh4 16. h3 g5 17. fxg5 Qxg5 18. Qf3 f5 19. Nxd5 exd5 20. Bxf5 O-O 21.
Qxd5+ Kh8 22. Rf3 Rad8 23. Kh1 Bb8 24. Qc5 Ba7 25. Qc2 Bxd4 26. h4 Qh6 27. g4
Bxe3 28. Rd1 Nd4 29. Rxd4 Rxd4 30. Rh3 Qd6 0-1

[Event "2018_CEG Ricle B"]
[Site "Riscle"]
[Date "2018.08.06"]
[Round "7.4"]
[White "Blondel, Jerome"]
[Black "Camilleri, Herve"]
[Result "1-0"]
[WhiteElo "1879"]
[BlackElo "1840"]
[PlyCount "69"]
[EventDate "2018.??.??"]
[WhiteTeam "Orcher la Tour"]

1. c4 e5 2. Nc3 g6 3. g3 Bg7 4. Bg2 d6 5. d3 Ne7 6. Bg5 h6 7. Bd2 Nbc6 8. Qc1
Be6 9. b4 Qc8 10. b5 Nb8 11. a4 Nd7 12. Rb1 Rb8 13. a5 c6 14. Ne4 Qc7 15. b6
axb6 16. axb6 Nxb6 17. Ba5 Nec8 18. Qb2 Ra8 19. Bxb6 Nxb6 20. Qxb6 Qxb6 21.
Rxb6 Ra1+ 22. Kd2 d5 23. Nc5 e4 24. Nxe6 fxe6 25. Nh3 Ra2+ 26. Ke3 h5 27. Ng5
h4 28. Rxb7 Bf6 29. Rb8+ Kd7 30. Rxh8 Bxg5+ 31. f4 d4+ 32. Kxe4 Rxe2+ 33. Kf3
Re3+ 34. Kg4 Bf6 35. Rh7+ 1-0